Historia de la filosofía

محفوظ في:
التفاصيل البيبلوغرافية
المؤلف الرئيسي: Bréhier, Emile (مؤلف)
التنسيق: كتاب
اللغة:الإسبانية
منشور في: Madrid Tecnos 1988
الموضوعات:
الوسوم: إضافة وسم
لا توجد وسوم, كن أول من يضع وسما على هذه التسجيلة!

MARC

LEADER 00000cam a2200000 a 4500
001 UCV3211
003 CL-VaPUC
008 930430e19880000SP |||||||||||||||||spa|d
020 |a 8430916474o.c 
020 |a 8430916474v.1 
020 |a 8430916482v.2 
082 0 4 |a 109  |b BRE  |2 21 
100 0 |a Bréhier, Emile  |e author  |9 297483 
245 1 0 |a Historia de la filosofía 
300 |a 2 v 
942 |c BK 
945 |d 19930430 00:00:00 
260 |a Madrid  |b Tecnos  |c 1988 
500 |a v.1: Desde la antiguedad hasta el siglo XVII 
500 |a v.2: Siglos XVIII-XX con un apéndice historia de la filosofía española por Ana Martínez Arancón 
650 0 |a Historia de la filosofía  |9 256920 
583 |a last modification  |c 20150505 01:56:59  |k Rodrigo Vera 
999 |c 210513  |d 210511 
952 |0 0  |1 0  |4 0  |6 109_000000000000000_BRE_1988  |7 0  |8 DER_TF  |9 186823  |a BIBDER  |b BIBDER  |d 2019-11-14  |h v.1  |i 2544318  |l 1  |o 109 BRE 1988  |p 2544318  |r 2020-03-27  |s 2020-03-17  |w 2019-11-14  |x Ubicación 4to Piso  |y BK  |z Estos recursos deben solicitarse con anticipación  |k DER 
952 |0 0  |1 0  |4 0  |6 109_000000000000000_BRE_1988  |7 0  |8 DER_TF  |9 186824  |a BIBDER  |b BIBDER  |d 2019-11-14  |h v.2  |i 2544326  |l 1  |o 109 BRE 1988  |p 2544326  |r 2020-03-27  |s 2020-03-17  |w 2019-11-14  |x Ubicación 4to Piso  |y BK  |z Estos recursos deben solicitarse con anticipación  |k DER